Statistics for How many muppets can you name?

Click here to take the quiz!

General Stats

  • This quiz has been taken 583 times
  • The average score is 28 of 117

Answer Stats

HintMuppets% Correct
Kermit the Frog
98%
Miss Piggy
96%
Gonzo
88%
Animal
84%
Big Bird
83%
Elmo
82%
Fozzie Bear
81%
Bert
69%
Ernie
69%
Oscar the Grouch
69%
Beaker
67%
Dr. Teeth
67%
Rowlf
67%
Scooter
66%
Cookie Monster
65%
Janice
64%
Dr. Bunsen Honeydew
63%
Swedish Chef
60%
Waldorf
60%
Grover
59%
Statler
58%
Sam the Eagle
57%
Lew Zealand
51%
Count von Count
50%
Sweetums
50%
Floyd Pepper
49%
Mr. Snuffleupagus
46%
Rizzo the Rat
45%
Walter
45%
Zoot
45%
Camilla
44%
Pepe the Prawn
42%
Telly
31%
Link Hogthrob
29%
Zoe
28%
Beauregard
27%
Bobo
26%
Crazy Harry
26%
Constantine
25%
Uncle Deadly
24%
Herry Monster
21%
Dr. Julius Strangepork
19%
Lips
19%
The Muppet Newsman
18%
Rosita
17%
Bean Bunny
15%
Miss Poogy
15%
Pops
15%
Thog
14%
Yolanda the Rat
14%
Annie Sue Pig
12%
Marvin Suggs
12%
Baby Bear
11%
Foozie Bear
11%
Prairie Dawn
11%
Sal Minella
11%
Wayne
11%
Foo Foo
10%
Johnny Fiama
10%
80s Robot
9%
Big Mean Carl
9%
George the Janitor
9%
Ghost of Christmas Past
9%
Ghost of Christmas Present
9%
Bill the Frog
8%
Nigel
8%
Frank the Dog
7%
Gill the Frog
7%
Jim the Dog
7%
Belinda Cratchit
6%
Bubba
6%
Bug
6%
Clueless Morgan
6%
Ghost of Christmas Yet to Come
6%
Grundgetta
6%
Jill the Frog
6%
Peter Cratchit
6%
Bruno the Trashman
5%
Doglion
5%
Miss Finch
5%
Afghan Hound
4%
Bettina Cratchit
4%
Blind Pew
4%
Dr. Phil Van Neuter
4%
Fat Blue
4%
Gladys the Cow
4%
Louis Kazagger
4%
Mad Monty
4%
Masterson the Rat
4%
Tattooey the Rat
4%
Beth Bear
3%
Bobby Benson
3%
Chester the Rat
3%
Donnie Dodo
3%
Gaffer the Cat
3%
Gramps
3%
Grizzy
3%
Marie Dodo
3%
Spa'Am
3%
Ubergonzo
3%
Zeke
3%
Bad Polly
2%
Black Dog
2%
Fletcher Bird
2%
Kermit Moopet
2%
Mommy Dodo
2%
Old Joe
2%
Real Old Tom
2%
Rowlf Moopet
2%
Slim WIlson
2%
Carlo Flamingo
1%
Daddy Dodod
1%
Lolleyed Pike
1%
Lubbuck Lou
1%
The Birdman
1%
Manolo Flamingo
0%
Stuckweed
0%

Score Distribution

Percentile by Number Answered

Percent of People with Each Score

Your Score History

You have not taken this quiz